000 00361nam a2200145Ia 4500
008 230917s9999||||xx |||||||||||||| ||und||
040 _e32427
_aMAIN
041 _aEnglish
082 _a330.1543, A53M
100 _aAllen, R G D
245 0 _aMathematical analysis for eocnomists
260 _aLondon
_bMacmillan
_c1976
300 _axv, 548 p.
942 _cOB
999 _c210247
_d210247